[Event "Ricany op"]
[Site "Ricany"]
[Date "2024.07.06"]
[Round "9"]
[White "Hosova, Sandra"]
[Black "Skala, Jaromir"]
[Result "1/2-1/2"]
[WhiteElo "1808"]
[BlackElo "1914"]
[PlyCount "61"]
[EventDate "2024.06.29"]
[EventType "swiss"]
[EventRounds "9"]
[EventCountry "CZE"]
[SourceTitle "CBM 221 Extra"]
[Source "ChessBase"]
[SourceDate "2024.09.30"]
[SourceVersion "1"]
[SourceVersionDate "2024.09.30"]
[SourceQuality "1"]

1. d4 Nf6 2. c4 g6 3. h4 d6 4. Nc3 Nbd7 5. e4 e5 6. d5 a5 7. Be2 Nc5 8. f3 Nh5 9. g4 Nf4 10. Bxf4 exf4 11. Qd2 Be7 12. Qxf4 Bxh4+ 13. Kd1 Bg5 14. Qg3 Qf6 15. Kc2 Bf4 16. Qf2 Be5 17. Nh3 Bd7 18. f4 Bd4 19. Qg3 Bxc3 20. bxc3 Nxe4 21. Qe3 Qe7 22. Qd4 Ba4+ 23. Kb2 0-0-0 24. Rae1 Nc5 25. Bd1 Qd7 26. Bxa4 Qxa4 27. Ng5 Qd7 28. Nxh7 Qxg4 29. Rhg1 Qf3 30. Ng5 Rh2+ 31. Ka3 1/2-1/2

[Event "Ricany op"]
[Site "Ricany"]
[Date "2024.07.05"]
[Round "8"]
[White "Ocelak, David"]
[Black "Hosova, Sandra"]
[Result "1-0"]
[WhiteElo "1815"]
[BlackElo "1808"]
[PlyCount "53"]
[EventDate "2024.06.29"]
[EventType "swiss"]
[EventRounds "9"]
[EventCountry "CZE"]
[SourceTitle "CBM 221 Extra"]
[Source "ChessBase"]
[SourceDate "2024.09.30"]
[SourceVersion "1"]
[SourceVersionDate "2024.09.30"]
[SourceQuality "1"]

1. e4 c5 2. Nf3 Nc6 3. Bb5 a6 4. Bxc6 bxc6 5. 0-0 g6 6. d3 Bg7 7. c3 d5 8. Be3 d4 9. Bd2 Nf6 10. h3 0-0 11. Qc2 Qc7 12. Na3 a5 13. Nc4 Nd7 14. Rac1 Ba6 15. cxd4 Rfb8 16. Nxa5 Bc8 17. b4 Ra6 18. dxc5 Rxa5 19. bxa5 Rb2 20. Qa4 Ba6 21. Qa3 Ne5 22. Nxe5 Rxd2 23. Nc4 Re2 24. Qb3 Bd4 25. Rc2 Rxf2 26. Rcxf2 Qg3 27. Nd6 1-0

[Event "Svetla nad Sazavou Mares Memorial"]
[Site "Svetla nad Sazavou"]
[Date "2023.12.29"]
[Round "6"]
[White "Hosova, Sandra"]
[Black "Kindler, Mikhail"]
[Result "0-1"]
[WhiteElo "1713"]
[BlackElo "1938"]
[PlyCount "60"]
[EventDate "2023.12.29"]
[EventType "swiss"]
[EventRounds "9"]
[EventCountry "CZE"]
[SourceTitle "CBM 218 Extra"]
[Source "ChessBase"]
[SourceDate "2024.03.31"]
[SourceVersion "1"]
[SourceVersionDate "2024.03.31"]
[SourceQuality "1"]

1. d4 Nf6 2. Nf3 g6 3. Nc3 d5 4. Bf4 Bg7 5. Qd2 h6 6. Nb5 Na6 7. e3 0-0 8. Ne5 Ne4 9. Qd1 c6 10. Nc3 Nxc3 11. bxc3 Qa5 12. Qd2 Nc7 13. e4 g5 14. Be3 dxe4 15. h4 Nd5 16. hxg5 hxg5 17. c4 Qxd2+ 18. Bxd2 Nf4 19. g3 Ne6 20. d5 Bxe5 21. dxe6 Bxa1 22. exf7+ Rxf7 23. c3 Rf3 24. Bg2 Bxc3 25. Bxf3 Bxd2+ 26. Kxd2 exf3 27. g4 Be6 28. Kc3 Kg7 29. Rh3 Rf8 30. Rh1 Rf4 0-1

[Event "CZE-ch U20 Girls"]
[Site "Jaromerice nad Rokytnou"]
[Date "2023.03.15"]
[Round "6"]
[White "Nagyova, Daniela"]
[Black "Hosova, Sandra"]
[Result "1-0"]
[WhiteElo "1900"]
[BlackElo "1840"]
[PlyCount "71"]
[EventDate "2023.03.11"]
[EventType "tourn"]
[EventRounds "9"]
[EventCountry "CZE"]
[SourceTitle "CBM 213 Extra"]
[Source "ChessBase"]
[SourceDate "2023.05.31"]
[SourceVersion "1"]
[SourceVersionDate "2023.05.31"]
[SourceQuality "1"]

1. e4 d5 2. exd5 Qxd5 3. Nc3 Qd6 4. d4 c6 5. Nf3 Nf6 6. h3 Bf5 7. Be3 e6 8. Nh4 Bg6 9. Nxg6 hxg6 10. Qf3 Qb4 11. 0-0-0 Nbd7 12. g4 Be7 13. Kb1 Nb6 14. a3 Qd6 15. Bf4 Qd7 16. Bg3 Nbd5 17. Na4 b6 18. c4 Nc7 19. Bg2 c5 20. Qb7 0-0 21. Bc6 Rab8 22. Qxb8 Qxc6 23. Qxc7 Qxa4 24. Qxe7 Ne4 25. Rd3 Qxc4 26. Rhd1 Qa4 27. Rc1 c4 28. Re3 Nd2+ 29. Ka2 a5 30. Qd6 Qb5 31. Qe5 Qa4 32. d5 Rc8 33. dxe6 Qb3+ 34. Ka1 Qa4 35. exf7+ Kh7 36. Qg5 1-0

[Event "CZE-ch U20 Girls"]
[Site "Jaromerice nad Rokytnou"]
[Date "2023.03.14"]
[Round "4"]
[White "Voriskova, Anna"]
[Black "Hosova, Sandra"]
[Result "1-0"]
[WhiteElo "2000"]
[BlackElo "1840"]
[PlyCount "69"]
[EventDate "2023.03.11"]
[EventType "tourn"]
[EventRounds "9"]
[EventCountry "CZE"]
[SourceTitle "CBM 213 Extra"]
[Source "ChessBase"]
[SourceDate "2023.05.31"]
[SourceVersion "1"]
[SourceVersionDate "2023.05.31"]
[SourceQuality "1"]

1. d4 Nf6 2. c4 e5 3. dxe5 Ng4 4. Nf3 Bc5 5. e3 Nc6 6. Be2 0-0 7. 0-0 Re8 8. b3 Ngxe5 9. Bb2 Nxf3+ 10. Bxf3 Ne5 11. Nc3 a5 12. Ne4 Bf8 13. Ng3 Ra6 14. Bd5 Rg6 15. f4 c6 16. fxe5 cxd5 17. cxd5 d6 18. Qf3 Qd7 19. exd6 Bxd6 20. e4 Rg4 21. Rae1 f6 22. Nf5 Rf4 23. Qd3 Bc5+ 24. Kh1 Rg4 25. Qf3 Rg6 26. Rc1 b6 27. Bd4 Bxd4 28. Nxd4 Qe7 29. Rfe1 Qe5 30. Nc6 Qd6 31. Rf1 Rh6 32. e5 Qd7 33. e6 Qd6 34. Qf4 Qxd5 35. Ne7+ 1-0

[Event "Ricany op 20th"]
[Site "Ricany"]
[Date "2022.09.01"]
[Round "7"]
[White "Hosova, Sandra"]
[Black "Kovar, Jan2"]
[Result "1/2-1/2"]
[WhiteElo "1708"]
[BlackElo "1798"]
[PlyCount "59"]
[EventDate "2022.08.27"]
[EventType "swiss"]
[EventRounds "9"]
[EventCountry "CZE"]
[SourceTitle "CBM 210 Extra"]
[Source "ChessBase"]
[SourceDate "2022.11.30"]
[SourceVersion "1"]
[SourceVersionDate "2022.11.30"]
[SourceQuality "1"]

1. d4 d5 2. Nf3 Nf6 3. Bf4 c5 4. e3 Nc6 5. c3 Qb6 6. Qb3 c4 7. Qc2 Bf5 8. Qc1 h6 9. Be2 e6 10. Nbd2 Qd8 11. Ne5 Nxe5 12. dxe5 Nd7 13. g4 Bg6 14. Bg3 Nc5 15. 0-0 Be7 16. b3 Bd3 17. Bxd3 Nxd3 18. Qc2 b5 19. Nf3 h5 20. h3 hxg4 21. hxg4 Rh6 22. Kg2 Rg6 23. Rh1 Rxg4 24. Rh8+ Bf8 25. Rb1 Rb8 26. bxc4 dxc4 27. Kf1 Qd5 28. Ke2 a6 29. Rbh1 Kd7 30. Rd1 1/2-1/2

[Event "CZE-ch U16 Girls"]
[Site "Luhacovice"]
[Date "2022.03.15"]
[Round "5"]
[White "Markova, Karolina"]
[Black "Hosova, Sandra"]
[Result "1-0"]
[WhiteElo "1589"]
[BlackElo "1545"]
[PlyCount "133"]
[EventDate "2022.03.12"]
[EventType "swiss"]
[EventRounds "9"]
[EventCountry "CZE"]
[SourceTitle "EXT 2023"]
[Source "ChessBase"]
[SourceDate "2022.10.05"]
[SourceVersion "1"]
[SourceVersionDate "2022.10.05"]
[SourceQuality "1"]

1. c4 c5 2. Nc3 Nc6 3. g3 g6 4. Bg2 Bg7 5. e3 e6 6. Nge2 Nge7 7. 0-0 0-0 8. d4 cxd4 9. exd4 d6 10. Be3 Nf5 11. Qd2 Nxe3 12. fxe3 Ne7 13. e4 Qc7 14. b3 Bd7 15. Rad1 Rad8 16. Nf4 Qb6 17. Kh1 f5 18. d5 e5 19. Nfe2 Rf7 20. Bh3 Rdf8 21. Nc1 Qc7 22. Nd3 a6 23. Rc1 Bc8 24. Rf2 Qd8 25. Rcf1 Rf6 26. Ne1 R8f7 27. Ng2 Qf8 28. Nh4 Bh6 29. Qc2 Be3 30. Rf3 fxe4 31. Rxf6 Rxf6 32. Rxf6 Qxf6 33. Nxe4 Qf8 34. Qg2 Nf5 35. Nf3 Bd7 36. Neg5 Bxg5 37. Nxg5 Ne3 38. Qe2 Bxh3 39. Nxh3 Nf5 40. Kg2 Kg7 41. Qf2 Qd8 42. Qa7 Qc7 43. Ng5 Kh6 44. Ne6 Qa5 45. Qf2 Qc3 46. Kh3 Qe3 47. Qxe3+ Nxe3 48. Nd8 Kh5 49. Nxb7 g5 50. g4+ Nxg4 51. Nxd6 Nf6 52. Nf5 Kg6 53. Ne3 Kf7 54. Ng4 e4 55. Nxf6 Kxf6 56. Kg3 Ke5 57. Kf2 g4 58. Ke3 h5 59. d6 Kxd6 60. Kxe4 h4 61. Kf4 g3 62. Kf3 Ke5 63. hxg3 hxg3 64. Kxg3 a5 65. Kf3 Kd4 66. Ke2 a4 67. Kd2 1-0

[Event "Motiva Online Blitz (Women)"]
[Site "Chess.com INT"]
[Date "2021.12.18"]
[Round "7"]
[White "Hosova, Sandra"]
[Black "Kiseleva, Arina"]
[Result "1-0"]
[WhiteElo "1578"]
[BlackElo "1962"]
[PlyCount "93"]
[EventDate "2021.12.18"]
[EventType "swiss (blitz)"]
[EventRounds "13"]
[EventCountry "USA"]
[SourceTitle "CBM 205 Extra"]
[Source "ChessBase"]
[SourceDate "2022.01.31"]
[SourceVersion "1"]
[SourceVersionDate "2022.01.31"]
[SourceQuality "1"]

1. e4 c5 2. Nf3 d6 3. d4 cxd4 4. Nxd4 Nf6 5. Nc3 Nc6 6. Be3 Ng4 7. Bf4 Nxd4 8. Qxd4 e5 9. Qd1 exf4 10. Bb5+ Bd7 11. Qxg4 Bxb5 12. Nxb5 Qa5+ 13. Nc3 g5 14. 0-0-0 Bg7 15. Rxd6 Bxc3 16. Qd7+ Kf8 17. bxc3 Qxc3 18. Qxb7 Rc8 19. Qb3 Qa1+ 20. Qb1 Qe5 21. Rhd1 Re8 22. f3 h6 23. Qb4 Kg7 24. Qd4 Qxd4 25. R1xd4 Re5 26. Ra4 a5 27. Ra6 f5 28. R6xa5 Rhe8 29. Ra7+ Kg6 30. R4a6+ Kh5 31. Rh7 R8e6 32. Rxe6 Rxe6 33. exf5 Re5 34. Rf7 Re2 35. g4+ fxg3 36. hxg3 g4 37. fxg4+ Kxg4 38. f6 Kxg3 39. Rg7+ Kh4 40. f7 Rf2 41. a4 h5 42. a5 Kh3 43. a6 Rf6 44. a7 Rf1+ 45. Kb2 h4 46. a8Q Kh2 47. Qg2# 1-0

[Event "Prague Menchik Memorial Rapid"]
[Site "Prague"]
[Date "2021.09.28"]
[Round "7"]
[White "Hosova, Sandra"]
[Black "Musil, Vitezslav"]
[Result "1/2-1/2"]
[WhiteElo "1458"]
[BlackElo "1880"]
[PlyCount "84"]
[EventDate "2021.09.28"]
[EventType "swiss (rapid)"]
[EventRounds "9"]
[EventCountry "CZE"]
[SourceTitle "CBM 204 Extra"]
[Source "ChessBase"]
[SourceDate "2021.11.30"]
[SourceVersion "1"]
[SourceVersionDate "2021.11.30"]
[SourceQuality "1"]

1. e4 e6 2. d4 d5 3. exd5 exd5 4. Bd3 Bd6 5. Nf3 Ne7 6. 0-0 Bf5 7. Bxf5 Nxf5 8. Qd3 Ne7 9. Qb5+ Nbc6 10. Qxb7 0-0 11. Qb3 Rb8 12. Qe3 Nf5 13. Qd3 Qf6 14. c3 h6 15. Nbd2 Rfe8 16. b3 Re6 17. Bb2 Rbe8 18. Rae1 Rxe1 19. Rxe1 Rxe1+ 20. Nxe1 Nh4 21. Nef3 Ng6 22. Qa6 Kh7 23. b4 Nce7 24. Qxa7 Nf5 25. Qb7 Nf4 26. Qb5 Qg6 27. Qf1 Qh5 28. a4 Nh4 29. Nxh4 Qxh4 30. Nf3 Qg4 31. a5 Nh3+ 32. Kh1 Qf5 33. Bc1 g5 34. Be3 g4 35. Ne5 Bxe5 36. dxe5 Qxe5 37. gxh3 Qe4+ 38. Qg2 Qb1+ 39. Qg1 Qe4+ 40. Qg2 Qb1+ 41. Qg1 Qe4+ 42. Qg2 Qb1+ 1/2-1/2

[Event "CZE-ch Betsys Online Blitz"]
[Site "Chess.com INT"]
[Date "2021.04.17"]
[Round "12"]
[White "Dolezal, Oldrich"]
[Black "Hosova, Sandra"]
[Result "0-1"]
[WhiteElo "1740"]
[BlackElo "1379"]
[PlyCount "126"]
[EventDate "2021.04.17"]
[EventType "swiss (blitz)"]
[EventRounds "13"]
[EventCountry "CZE"]
[SourceTitle "CBM 201 Extra"]
[Source "ChessBase"]
[SourceDate "2021.05.31"]
[SourceVersion "1"]
[SourceVersionDate "2021.05.31"]
[SourceQuality "1"]

1. d4 d5 2. c4 c6 3. Nc3 e6 4. Nf3 Nf6 5. Bf4 Be7 6. e3 0-0 7. h3 Nbd7 8. Rc1 a6 9. cxd5 exd5 10. Bd3 Nb6 11. b3 Bd7 12. 0-0 Rc8 13. Ne5 Be6 14. a4 Nbd7 15. Nf3 Ne8 16. e4 dxe4 17. Nxe4 f5 18. Neg5 Bd5 19. Bc4 Ndf6 20. Ne6 Qd7 21. Nxf8 Kxf8 22. Ne5 Qd8 23. Bxd5 Nxd5 24. Qf3 Nef6 25. Bg5 g6 26. Bh6+ Kg8 27. Rfe1 Bf8 28. Bxf8 Qxf8 29. Nc4 Ne4 30. Qd3 Qh6 31. f3 Nef6 32. Re5 Qxc1+ 33. Kh2 Qf4+ 34. g3 Qh6 35. f4 Ng4+ 36. Kg2 Nxe5 37. dxe5 Qf8 38. Nd6 Rc7 39. Qc4 Kg7 40. b4 Ne3+ 41. Kf3 Nxc4 42. Nxc4 Qxb4 43. Nd6 Qc3+ 44. Ke2 Qc2+ 45. Ke3 Qxa4 46. Ne8+ Kf8 47. Nxc7 Qa5 48. Ne6+ Ke7 49. Nd4 Qb6 50. Kd3 c5 51. Ne2 Qb3+ 52. Nc3 c4+ 53. Kd2 Qb2+ 54. Ke3 Qxc3+ 55. Kf2 Qxg3+ 56. Kxg3 c3 57. Kh4 c2 58. Kg5 c1Q 59. h4 Qg1+ 60. Kh6 Qh2 61. Kxh7 Qxh4+ 62. Kxg6 Qxf4 63. Kh5 Qxe5 0-1

[Event "CZE-ch Betsys Online Blitz"]
[Site "Chess.com INT"]
[Date "2021.04.17"]
[Round "7"]
[White "Hosova, Sandra"]
[Black "Krajcovic, Filip"]
[Result "1-0"]
[WhiteElo "1379"]
[BlackElo "1630"]
[PlyCount "31"]
[EventDate "2021.04.17"]
[EventType "swiss (blitz)"]
[EventRounds "13"]
[EventCountry "CZE"]
[SourceTitle "CBM 201 Extra"]
[Source "ChessBase"]
[SourceDate "2021.05.31"]
[SourceVersion "1"]
[SourceVersionDate "2021.05.31"]
[SourceQuality "1"]

1. e4 e5 2. f4 d5 3. exd5 Qxd5 4. Nc3 Qe6 5. Be2 Nf6 6. Nf3 exf4 7. 0-0 Bd6 8. Re1 0-0 9. d4 Qd7 10. Bd3 Nc6 11. Ne4 Nxe4 12. Bxe4 Re8 13. c3 Qg4 14. Qd3 f5 15. Bd5+ Kh8 16. Rxe8+ 1-0